000 00565nam a2200229Ia 4500
003 OSt
005 20220924144408.0
006 a|||||r|||| 00| 0
007 ta
008 220923b |||||||| |||| 00| 0 urd d
024 _a314127
037 _cTextual
040 _aARTS
_cARTS
_burd
041 _2urd
_aurd
082 _aO168,1MBW,1, E0
100 _aBedam Warsi
_9189997
245 0 _aGuldasta-e-Warsi
260 _c1910
650 _aURDU POETRY
942 _hO168,1MBW,1, E0
_cTEXL
_2CC
999 _c456945
_d456945